Faculty of Law Library — Cairo University

Official Online Catalog

Irrtümer Der Strafjustiz : (Record no. 73123)

MARC details
000 -LEADER
fixed length control field 01078nam a2200313 i 4500
003 - CONTROL NUMBER IDENTIFIER
control field EG-GICUC
005 - DATE AND TIME OF LATEST TRANSACTION
control field 20260423210441.0
008 - FIXED-LENGTH DATA ELEMENTS--GENERAL INFORMATION
fixed length control field 260423n1900 gw ||f |||| 001 0 geger d
040 ## - CATALOGING SOURCE
Original cataloging agency EG-GiCUC
Transcribing agency EG-GiCUC
Modifying agency EG-GiCUC
Description conventions Rda
Language of cataloging ger
041 0# - LANGUAGE CODE
Language code of text/sound track or separate title ger
082 04 - DEWEY DECIMAL CLASSIFICATION NUMBER
Edition number 21
Classification number 343.3043
Item number JU . I
092 04 - LOCALLY ASSIGNED DEWEY CALL NUMBER (OCLC)
Edition number 21
099 ## - LOCAL FREE-TEXT CALL NUMBER (OCLC)
Classification number Law1 10 343.3043 JU . I1900 1011263 C1
100 0# - MAIN ENTRY--PERSONAL NAME
Personal name Judex
Relator term Author.
245 10 - TITLE STATEMENT
Title Irrtümer Der Strafjustiz :
Remainder of title Eine Kriminalistische Untersuchung Ihrer Ursachen /
Statement of responsibility, etc. Von Judex.
264 #1 - PRODUCTION, PUBLICATION, DISTRIBUTION, MANUFACTURE, AND COPYRIGHT NOTICE
Place of production, publication, distribution, manufacture Hamburg :
Name of producer, publisher, distributor, manufacturer Kriminalistik Verlag Für Kriminalistische Fachliteratur ,
Date of production, publication, distribution, manufacture, or copyright notice [1900].
300 ## - PHYSICAL DESCRIPTION
Extent 236 page ;
Dimensions 24 cm.
336 ## - CONTENT TYPE
Source rda contenu
Content type term texte
337 ## - MEDIA TYPE
Source rda medias
Media type term Ordinateur
338 ## - CARRIER TYPE
Source transporteur rda
Carrier type term Ressource en ligne
504 ## - BIBLIOGRAPHY, ETC. NOTE
Bibliography, etc. note Es enthält bibliografische Angaben.<br/>
546 ## - LANGUAGE NOTE
Language note Text in English
650 14 - SUBJECT ADDED ENTRY--TOPICAL TERM
Topical term or geographic name entry element Der Strafjustiz
650 14 - SUBJECT ADDED ENTRY--TOPICAL TERM
Topical term or geographic name entry element Strafprozessordnung
651 14 - SUBJECT ADDED ENTRY--GEOGRAPHIC NAME
Geographic name Deutschland
General subdivision Gesetze und Gesetzgebung
856 40 - ELECTRONIC LOCATION AND ACCESS
Uniform Resource Identifier <a href="https://fll.law.cu.edu.eg/fulltext/bks/B10-11263.pdf">https://fll.law.cu.edu.eg/fulltext/bks/B10-11263.pdf</a>
905 ## - Cataloger and Reviser Names
Cataloger Name: Mohamed Yosri
942 ## - ADDED ENTRY ELEMENTS (KOHA)
Source of classification or shelving scheme Dewey Decimal Classification
Koha item type Books
Edition 21
Suppress in OPAC No
Holdings
Withdrawn status Lost status Source of classification or shelving scheme Damaged status Not for loan Collection Home library Current library Date acquired Total checkouts Full call number Barcode Date last seen Copy number Price effective from Koha item type
    Dewey Decimal Classification   Not for loan القانون الجنائي جــــامعة القــاهرة مكتبة كلية الحقوق - المبنى الرئيسي 23.04.2026   Law1 10 343.3043 JU . I 1900 1011263 C1 B10-11263 23.04.2026 1 23.04.2026 Books

© All rights reserved — Faculty of Law, Cairo University